000 00670nam a2200205Ia 4500
003 GCL
008 140319s9999 xx 000 0 ara d
040 _aGCL /
_cGCL
082 0 4 _a346.05
_bع م
100 1 _aعبدالحميد الشواربى
_vPurified
_@
…هذب
245 1 0 _aمنازعات الاوقاف و الاحكام /
_cعبدالحميد الشواربى
700 1 _aاسامة عثمان
260 _a[S.N] :
_bمكتبه النهضه المصريه ،
_c1986
300 _a159 ص
490 _aالكتب القانونية
_v0
650 0 4 _aمصر
650 0 4 _aالوقف
650 0 4 _aالقانون المدنى
942 _2ddc
_cBK
999 _c54388
_d54388